Matilda - Harry Styles (All Lyrics) - Statistics

General Stats
  • This quiz has been taken 106 times
  • The average score is 278 of 348
Answer Stats
Answer % Correct
I
100%
a
98%
You
98%
you
98%
to
97%
your
97%
it
95%
no
95%
the
95%
And
94%
and
94%
in
94%
In
94%
love
94%
So
94%
can
90%
family
90%
“it’s
90%
it’s
90%
It’s
90%
know
90%
let
90%
of
90%
show
90%
go
89%
not
89%
party
89%
ever
87%
everyone
87%
invite
87%
be
86%
like
86%
never
86%
have
84%
showed
84%
big
83%
Cause
83%
full
83%
Matilda
83%
on
83%
that
83%
they
83%
throw
83%
up
83%
don’t
81%
sorry
81%
deal”
79%
deal
79%
for
79%
growing
79%
bike
78%
were
78%
who
78%
sound
76%
leaving
75%
riding
73%
feel
71%
talk
71%
all
70%
inside
70%
But
68%
but
68%
pain
68%
two
68%
you’re
68%
You’re
68%
alright
67%
dead
67%
me
67%
wheels
67%
piece
65%
see
65%
Nothing
63%
own
63%
days
62%
now
62%
way
62%
about
60%
darkest
60%
doing
60%
ground
60%
power
60%
is
59%
just
59%
old
59%
especially
57%
hair
57%
lift
57%
those
57%
trying
57%
world
57%
alarming
56%
bring
56%
mind
56%
my
56%
off
56%
tie
56%
’til
56%
smile
54%
you’s
54%
enough
52%
reason
52%
strong
52%
sun
52%
tea
52%
treated
52%
business
51%
need
51%
none
51%
seemed
51%
will
51%
time
49%
toast
49%
been
48%
Make
48%
seasons
48%
always
43%
them
43%
clothes
41%
Oh
41%
Following
40%
start
40%
Anywhere
38%
long
38%
anymore
35%
dyed
35%
home
35%
as
33%
believe
33%
posters
33%
there’s
33%
framed
32%
won’t
32%
change
30%
words
30%
other
29%
hurt
27%
No matching quizzes found
Score Distribution
Percent of People with Each Score
Percentile by Number Answered
Your Score History
You have not taken this quiz